00349nam a2200145Ia 4500008004100000041000800041082001600049100001600065245003400081260002000115300002600135365001600161500001000177700001600187230718s9999 xx 000 0 und d aeng a005.46bCHA aChappell D. aUnderstanding Activex And Ole c1996bMicrosoft a328dRef 419 C (7281) cRs.b662.40 a419 C aChappell D.